书目信息 |
| 题名: |
绿色食品申报指南
|
|
| 作者: | 乔春楠 , 王东辉 , 李显军 主编 ;中国绿色食品发展中心 编 | |
| 分册: | 茶叶卷 | |
| 出版信息: | 北京 中国农业科学技术出版社 2019.10 |
|
| 页数: | 252页 | |
| 开本: | 21cm | |
| 丛书名: | ||
| 单 册: | ||
| 中图分类: | S-01 , TS272-62 | |
| 科图分类: | ||
| 主题词: | 绿色食品--lv se shi pin--申报--中国--指南 , 茶叶--cha ye--绿色食品--申报--中国--指南 | |
| 电子资源: | ||
| ISBN: | 978-7-5116-4299-8 | |
| 000 | 01265nam 2200325 450 | |
| 001 | CAL 0120192889838 | |
| 005 | 20230303082513.10 | |
| 010 | @a978-7-5116-4299-8@dCNY39.00 | |
| 100 | @a20191121d2019 em y0chiy0120 ea | |
| 101 | 0 | @achi |
| 102 | @aCN@b110000 | |
| 105 | @aa a 000yy | |
| 106 | @ar | |
| 200 | 1 | @a绿色食品申报指南@Alv se shi pin shen bao zhi nan@i茶叶卷@f中国绿色食品发展中心编 |
| 210 | @a北京@c中国农业科学技术出版社@d2019.10 | |
| 215 | @a252页@c彩图@d21cm | |
| 314 | @a书内题: 乔春楠, 王东辉, 李显军主编 | |
| 320 | @a有书目 (第251-252页) | |
| 330 | @a本书分为五章, 分别是绿色食品概述、绿色食品茶叶生产技术要求、绿色食品茶叶申报要求、绿色食品茶叶产品申报范例、绿色食品申报常见问题, 主要内容包括: 绿色食品概念 ; 绿色食品发展成效 ; 绿色食品发展前景展望等。 | |
| 517 | 1 | @a茶叶卷@Acha ye juan |
| 606 | 0 | @a绿色食品@Alv se shi pin@x申报@y中国@j指南 |
| 606 | 0 | @a茶叶@Acha ye@x绿色食品@x申报@y中国@j指南 |
| 690 | @aS-01@v5 | |
| 690 | @aTS272-62@v5 | |
| 701 | 0 | @a乔春楠@Aqiao chun nan@4主编 |
| 701 | 0 | @a王东辉@Awang dong hui@4主编 |
| 701 | 0 | @a李显军@Ali xian jun@4主编 |
| 712 | 02 | @a中国绿色食品发展中心@Azhong guo lv se shi pin fa zhan zhong xin@4编 |
| 801 | 0 | @aCN@bBJXHZP@c20230228 |
| 905 | @b1382697-700@dS-01@e57@f4 | |
| 绿色食品申报指南.茶叶卷/中国绿色食品发展中心编.-北京:中国农业科学技术出版社,2019.10 |
| 252页:彩图;21cm |
| ISBN 978-7-5116-4299-8:CNY39.00 |
| 本书分为五章, 分别是绿色食品概述、绿色食品茶叶生产技术要求、绿色食品茶叶申报要求、绿色食品茶叶产品申报范例、绿色食品申报常见问题, 主要内容包括: 绿色食品概念 ; 绿色食品发展成效 ; 绿色食品发展前景展望等。 |
| ● |
| 相关链接 |
|
|
|
|
正题名:绿色食品申报指南
索取号:S-01/57
 
预约/预借
| 序号 | 登录号 | 条形码 | 馆藏地/架位号 | 状态 | 备注 |
| 1 | 1382697 | 213826975 | 第二样本阅览室/ [索取号:S-01/57] | 在馆 | |
| 2 | 1382698 | 213826984 | 第三借阅区/ [索取号:S-01/57] | 在馆 | |
| 3 | 1382699 | 213826993 | 第三借阅区/ [索取号:S-01/57] | 在馆 | |
| 4 | 1382700 | 213827000 | 第三借阅区/ [索取号:S-01/57] | 在馆 |